000 01016nam a22002657a 4500
005 20150929084402.0
008 110302s2010 ck a gr 000 0 spa d
020 _a9789589365199
040 _aCO-BoIAVH
_cCO-BoIAVH
041 _aspa
082 0 4 _a306.08
_bM42s
245 0 0 _aSeres emplumados
_bel arte plumario en la amazonia colombiana desde la visión local
_cUldarico Matapí ... [et al.]
260 _aBogotá
_bTropenbos Internacional Colombia
_bInstituto Alexander von Humboldt
_c2010
300 _a140 p.
_bil., mapas.
_c27 cm.
500 _aLos seres emplumados en la Amazonía.
650 1 7 _aIndígenas del Amazonas
_xRitos y ceremonias
650 1 7 _aPlumas
_xAspectos religiosos
650 1 7 _aCulturas indígenas
_zAmazonas (Valle)
650 1 7 _aCría de guacamayas
_zAmazonas (Valle)
700 1 _aMatapí, Uldarico
700 1 _aMatapí, Daniel
700 1 _aRodríguez, Carlos A.
700 1 _aVan der Hammen, María clara
942 _2ddc
_cLIBRO
999 _c7345
_d7345